000
00286nam a22001217a 4500
008
160503b xxu||||| |||| 00| 0 eng d
020
_a
0394582489
020
_a
0394582462
041
_a
eng
080
_a
61
245
_a
Home medical encyclopedia:
_c
Charles B. Clyman;
942
_2
udc
_c
BK
999
_c
1734
_d
1734